<?xml version="1.0" encoding="UTF-8"?>
<record
    xmlns:xsi="http://www.w3.org/2001/XMLSchema-instance"
    xsi:schemaLocation="http://www.loc.gov/MARC21/slim http://www.loc.gov/standards/marcxml/schema/MARC21slim.xsd"
    xmlns="http://www.loc.gov/MARC21/slim">

  <leader>01802nam a2200337 c 4500</leader>
  <controlfield tag="001">57762</controlfield>
  <controlfield tag="003">CO-BoRNBP</controlfield>
  <controlfield tag="005">20250730144716.0</controlfield>
  <controlfield tag="007">ta</controlfield>
  <controlfield tag="008">200426s2006    ck a   frf    000 0 spa d</controlfield>
  <datafield tag="020" ind1=" " ind2=" ">
    <subfield code="a">9789582002557</subfield>
  </datafield>
  <datafield tag="040" ind1=" " ind2=" ">
    <subfield code="a">CO-BoRNBP</subfield>
    <subfield code="b">spa</subfield>
    <subfield code="e">rda</subfield>
    <subfield code="c">CO-BoRNBP</subfield>
  </datafield>
  <datafield tag="041" ind1="0" ind2=" ">
    <subfield code="a">spa</subfield>
  </datafield>
  <datafield tag="082" ind1="0" ind2="4">
    <subfield code="a">371.192</subfield>
    <subfield code="b">T73t</subfield>
    <subfield code="2">23</subfield>
  </datafield>
  <datafield tag="100" ind1=" " ind2=" ">
    <subfield code="a">Triana de Riveros, Blanca Isabel</subfield>
    <subfield code="e">aut</subfield>
    <subfield code="9">24948</subfield>
  </datafield>
  <datafield tag="245" ind1="1" ind2="3">
    <subfield code="a">La tertulia familiar :</subfield>
    <subfield code="b">elemento de comunicacion e integracion, talleres para padres /</subfield>
    <subfield code="c">Blanca Isabel Triana de Riveros, Mar&#xED;a Victoria Salcedo de Sastoque.</subfield>
  </datafield>
  <datafield tag="250" ind1=" " ind2=" ">
    <subfield code="a">Segunda edici&#xF3;n</subfield>
  </datafield>
  <datafield tag="264" ind1=" " ind2="1">
    <subfield code="a">Bogot&#xE1;, Colombia :</subfield>
    <subfield code="b">Cooperativa Editorial Magisterio,</subfield>
    <subfield code="c">2006</subfield>
  </datafield>
  <datafield tag="300" ind1=" " ind2=" ">
    <subfield code="a">122 p&#xE1;ginas :</subfield>
    <subfield code="b">ilustraciones a color</subfield>
  </datafield>
  <datafield tag="336" ind1=" " ind2=" ">
    <subfield code="a">texto</subfield>
    <subfield code="b">txt</subfield>
    <subfield code="2">rdacontent</subfield>
  </datafield>
  <datafield tag="337" ind1=" " ind2=" ">
    <subfield code="a">sin mediaci&#xF3;n</subfield>
    <subfield code="b">n</subfield>
    <subfield code="2">rdamedia</subfield>
  </datafield>
  <datafield tag="338" ind1=" " ind2=" ">
    <subfield code="a">volumen</subfield>
    <subfield code="b">nc</subfield>
    <subfield code="2">rdacarrier</subfield>
  </datafield>
  <datafield tag="520" ind1=" " ind2=" ">
    <subfield code="a">Esta obra presenta una propuesta para hacer de la tertulia familiar un elemento de comunicaci&#xF3;n entre los miembros de la familia. Se han tomado textos de gran valor literario que permiten acoplarse perfectamente a los diferentes temas seleccionados a partir de la experiencia en talleres con padres de familia, trabajando todas las dimensiones del ser humano, que el Servicio Nacional de Aprendizaje (SENA) ha clasificado en: Dimensi&#xF3;n Biol&#xF3;gica, Intelectual, Volitiva, Afectiva, Sociopol&#xED;tica, Ecol&#xF3;gica, Ecolog&#xED;a, Econ&#xF3;mico-laboral y Espiritual. (Tomado de la fuente)</subfield>
  </datafield>
  <datafield tag="521" ind1=" " ind2=" ">
    <subfield code="a">Recomendado para p&#xFA;blico especializado</subfield>
  </datafield>
  <datafield tag="650" ind1="0" ind2="7">
    <subfield code="a">Educaci&#xF3;n en el hogar</subfield>
    <subfield code="v">manuales</subfield>
    <subfield code="2">lemb</subfield>
    <subfield code="9">61542</subfield>
  </datafield>
  <datafield tag="650" ind1="0" ind2="7">
    <subfield code="a">Familia y educaci&#xF3;n</subfield>
    <subfield code="2">lemb</subfield>
    <subfield code="9">61543</subfield>
  </datafield>
  <datafield tag="650" ind1="0" ind2="7">
    <subfield code="a">Padres e hijos</subfield>
    <subfield code="2">lemb</subfield>
  </datafield>
  <datafield tag="650" ind1="0" ind2="7">
    <subfield code="a">Relaciones familiares</subfield>
    <subfield code="v">manuales</subfield>
    <subfield code="2">lemb</subfield>
    <subfield code="9">61544</subfield>
  </datafield>
  <datafield tag="700" ind1="1" ind2=" ">
    <subfield code="a">Salcedo de Sastoque, Mar&#xED;a Victoria,</subfield>
    <subfield code="d">autora</subfield>
    <subfield code="e">aut</subfield>
    <subfield code="9">61545</subfield>
  </datafield>
  <datafield tag="942" ind1=" " ind2=" ">
    <subfield code="2">ddc</subfield>
    <subfield code="c">BK</subfield>
  </datafield>
  <datafield tag="999" ind1=" " ind2=" ">
    <subfield code="c">57762</subfield>
    <subfield code="d">57762</subfield>
  </datafield>
</record>
